| 000 | 00889nas a2200325 4500 | ||
|---|---|---|---|
| 001 | BR0305799 | ||
| 003 | BR-BrBNA | ||
| 005 | 20231205104201.0 | ||
| 007 | ta | ||
| 008 | 230509b bl.|||p| |||| 00| 00por d | ||
| 040 |
_aBR-BrBNA _bpor _cBiblioteca Nacional de Agricultura |
||
| 041 | _a(Pt) | ||
| 072 | _aT01; L73 | ||
| 100 | 1 | _aGourreal, J.M. | |
| 245 | 1 | _aCaminhões poluem animais selvagens com chumbo, cádmio, cobre e níquel | |
| 650 | _aANIMAL SELVAGEM | ||
| 650 | _aCHUMBO | ||
| 650 | _aCÁDMIO | ||
| 650 | _aCOBRE | ||
| 650 | _aNÍQUEL | ||
| 650 | _aFÍGADO | ||
| 650 | _aRIM | ||
| 650 | _aDOENÇA ANIMAL | ||
| 650 | _aPOLUIÇÃO | ||
| 650 | _aCAMINHÃO | ||
| 650 | _aINFECÇÃO | ||
| 773 | 0 |
_tHora Veterinária (Brazil) _xISSN 0101-9163 _g(Mar-Apr 2003), v. 22(132) p. 72-74 _wBR0305799 |
|
| 909 |
_a202311 _bLúcia _c55 _dLúcia Elande |
||
| 942 |
_2AGRIS _n0 _cANA |
||
| 999 |
_c176805 _d176805 |
||